000 01546cam a22003131i 4500
003 SA-RiAUC
005 20250518091617.0
008 250513s1996 su a f b f000 0 ara c
040 _aSA-RiAUC
_bara
_cSA-RiAUC
_erda
043 _aa-su---
050 4 _bQ26 1996
082 0 4 _a150.71109531
_qSA-RiAUC
090 _a150.71109531
_b ق ح ط
100 1 _aالقحطاني، محمد مرعي جبران
_eمؤلف.
245 1 2 _aالاتجاهات نحو علم النفس لدى طلاب بعض الجامعات السعودية :
_bدراسة وصفية تحليلية مقارنة /
_cمحمد مرعي جبران القحطاني.
250 _aالطبعة الأولى.
264 1 _aمكة المكرمة :
_bجامعة أم القرى، معهد البحوث العلمية وإحياء التراث الإسلامي،
_c1996
300 _a208 صفحة :
_bجداول ؛
336 _aنص
_btxt
_2rdacontent
_3كتاب
337 _aبدون وسيط
_bn
_2rdamedia
338 _aمجلد
_bnc
_2rdacarrier
490 1 _aسلسلة الرسائل العلمية الموصى بطبعها ؛
_v1
500 _aالأصل أطروحة (ماجستير)-جامعة أم القرى، كلية التربية، 1415 هـ.
504 _aببليوجرافية : صفحة 169-181.
650 7 _aعلم النفس
_xدراسة وتعليم (عالي)
_zالسعودية
_2aucsh
830 0 _aالرسائل العلمية (جامعة أم القرى)
_v1
942 _2ddc
_cBOOK
_n0
949 _aSA-JeALM
_d250513
_umohamedma123
_n1
999 _c8008
_d8008